| 000 | 00504nam a22001697a 4500 | ||
|---|---|---|---|
| 005 | 20240305153331.0 | ||
| 008 | 240305b ||||| |||| 00| 0 eng d | ||
| 040 | _cAL | ||
| 041 | _aeng | ||
| 082 |
_223 _a658.8 _bPROJ |
||
| 100 |
_aZoheb Hassan _9153044 |
||
| 245 | _aProject Report on Marketing Stratergy of UNO Pack Industries with reference to Sales | ||
| 260 |
_aMangalore _bSt Aloysius College _c2003 |
||
| 650 |
_aProject Report _9153045 |
||
| 700 |
_aHASSAN (Zoheb) _9153046 |
||
| 942 |
_2ddc _cPRO |
||
| 999 |
_c230062 _d230062 |
||